000 00705nabaa22001937a 4500
999 _c6294
_d6294
003 OSt
005 20260129013903.0
008 190701b xxu||||| |||| 00| 0 spa d
040 _cPJ
100 _96903
_aAlianak, Raquel C.
245 1 3 _aEl Estado administrativo y la contratación pública /
_cRaquel Alianak.
300 _ap. 3-7
500 _aCita: TR LALEY AR/DOC/803/2025
505 _t¿Te interesa el texto completo? Comunicate al correo: koha@justierradelfuego.gov.ar
650 0 _9211
_aDERECHO ADMINISTRATIVO
650 0 _93463
_aCONTRATOS
773 0 _02842
_93251
_dBuenos Aires : AbeledoPerrot, 2012-
_oDA121
_tDerecho administrativo. Nº 159 mayo/junio 2025
_z18510590
942 _2udc
_cANA